000 01886cam a22003735i 4500
001 016858041
003 EG-ScBUE
005 20230112102105.0
006 m f m 00| 0
007 ad aazaa
008 140826s2013 cc a f 000 0 mul d
020 _a9789881997340 (set)
040 _aStDuBDS
_beng
_erda
_cStDuBDS
_dUk
_dEG-ScBUE
041 0 _aeng
_achi
082 0 4 _a729.0285536
_bINT
_222
245 0 0 _aInterior details CAD construction atlas /
_cchief editor, Wang Yu.
264 1 _aHong Kong :
_bArtpower,
_c2013.
300 _a4 volumes :
_billustrations (black and white) ;
_c28 cm +
_e1 DVD
336 _2rdacontent
_atext
_btxt
336 _2rdacontent
_aspoken word
_bspw
337 _2rdamedia
_aunmediated
_bn
337 _2rdamedia
_avideo
_bv
338 _2rdacarrier
_avolume
_bnc
338 _2rdacarrier
_acomputer disc
_bcd
500 _aIn slip case.
505 0 _aI. Detailed door graphs, Double doors, Sliding door, Sample door, Doorknobs, Door lock, European style window, Chinese style window, Window, Curtain, Flooring -- II. Wardrobe, Bookcase, Wine cabinet, Shoe cabinet, Adornment ark cabinet, Sofa, Table and chair, Desk, Tea table, Ware -- III. Metal ceiling, Western style ceiling, Modern style ceiling, Chinese style ceiling, Glass curtain wall, Stone curtain wall, Glass staircase, Metal staircase, Railing and armrest, Wooden staircase, Wood trim column, Aluminium - plastic composite panel column, Stone column, Statue -- IV. TV wall, Decoration wall, Hallway, Bar counter, Ornament, Figure, Sport, Electrical equipment, Musical instrument, Mirror, Bath product, Kitchen ware, Plants, Bonsai.
546 _aText in English and Chinese.
650 7 _aInterior architecture
_xComputer-aided design.
_2BUEsh
651 _2BUEsh
653 _bENGARC
_cDecember2016
655 _vReading book
700 1 _aYu, Wang,
_eeditor.
942 _2ddc
_cBB
999 _c23755
_d23727